Rozpoznaj województwo po pierwszym zdjęciu w Google! - Statystyki

Ogólne statystyki
  • Ten quiz został rozwiązany 23 razy
  • Średni wynik to 7 z 9
Statystyki odpowiedzi
Obrazkowy Odpowiedź % Poprawnych
Pomorskie
95%
Zachodniopomorskie
91%
Łódzkie
86%
Dolnośląskie
82%
Lubelskie
82%
Podlaskie
77%
Warmińsko-mazurskie
77%
Mazowieckie
68%
Wielkopolskie
68%
Nie znaleziono quizów pasujących do podanych kryteriów
Rozkład punktacji
Procent ludzi z każdym wynikiem
Percentyl według liczby udzielonych odpowiedzi
Twoja historia wyników
Nie rozwiązałeś tego quizu